000 00301nam a22001337a 4500
008 260312b ||||| |||| 00| 0 eng d
020 _a180097794
041 _aeng
080 _a2.1
100 _a32.1
101 _ajur
245 _aQendra Kërkimore Zhvillimore - Peja
_cReviste
942 _2udc
_cBK
999 _c60887
_d60887